000 00554nam a2200193Ia 4500
003 OSt
005 20251230123404.0
008 210210b1957 xxu||||| |||| 00| 0 eng d
040 _cAL
041 _aKannada
082 _a859/2163
100 _aSITARAMA SHASTRI
_9158344
_dಸೀತಾರಾಮ ಶಾಸ್ತ್ರಿ
245 _aPratIkara-2
_bಪ್ರತಿಕಾರ-೨
260 _aBengaluru
_b-
_c1957
690 _aKannada Fiction
_9158345
700 _aVIRAKESARI
_9158346
_dವೀರಕೇಸರಿ.
906 _a022876
942 _2ddc
_cBK
999 _c147574
_d147574